000 00946nam a22003017a 4500
003 CHAP
005 20220329140802.0
008 971013c19691964 r 00010 d
010 _a57570
011 _a58542
035 _a62697
040 _cCHAP
082 _a575.21
_bS67
100 0 0 _aSpratt, Nelson T., Jr.
_9109274
245 _aIntroduction to cell differenciation
260 _aNew York n:
_bReinhold,
_c1969 (c.1964)
300 _a115 p.
_b: ilus.
490 _aSelected topics in modern biology
590 _aBATCH-UPD
_b10
_c20130110
_lUCH01
_h0621
590 _aBATCH-UPD
_b10
_c20130409
_lUCH01
_h1906
590 _aBATCH-UPD
_b10
_c20130914
_lUCH01
_h1203
590 _aCONVERSION
_b10
_c20130109
_lUCH01
_h1331
650 1 4 _aDiferenciación (Biología)
_932557
830 0 _aSelected topics in modern biology
_9103786
901 _aBK
942 _cLIBRO
949 _a575.21 S67
_bBC
_cLIBRO
_d33724000401121
_eLIBRO
_h13786
_i62697
_si
999 _c57570
_d57570